| Tag |
First Indicator |
Second Indicator |
Subfields |
| LEADER |
00000cam a2200000 a 4500 |
| 001 |
in00000071853 |
| 005 |
20151008062427.0 |
| 008 |
800723c19801973nyua b 00100 eng d |
| 010 |
|
|
|a 79003042
|
| 020 |
|
|
|z 006430101
|
| 035 |
|
|
|a (OCoLC)06543040
|
| 035 |
|
|
|9 AAK0202AM
|
| 040 |
|
|
|a OAC
|c OAC
|d m.c.
|d TXA
|d UtOrBLW
|
| 049 |
|
|
|a TXAM
|c [985121]
|
| 090 |
|
|
|a ND553.P5
|b P48 1980
|
| 245 |
0 |
0 |
|a Picasso, in retrospect /
|c Advisory editors, Sir Roland Penrose John Golding ; [Authors], Daniel-Henry Kahnweiler ... [and others].
|
| 250 |
|
|
|a 1st Icon ed.
|
| 264 |
|
1 |
|a New York, N.Y. :
|b Harper & Row,
|c 1980
|
| 264 |
|
4 |
|c ©1973
|
| 300 |
|
|
|a 207 pages :
|b illustrations ;
|c 24 cm.
|
| 336 |
|
|
|a text
|b txt
|2 rdacontent
|
| 337 |
|
|
|a unmediated
|b n
|2 rdamedia
|
| 338 |
|
|
|a volume
|b nc
|2 rdacarrier
|
| 490 |
0 |
|
|a Icon editions
|
| 500 |
|
|
|a Includes index.
|
| 500 |
|
|
|a "The original edition of this book contained 420 additional illustrations."
|
| 504 |
|
|
|a Bibliography: pages 199-202.
|
| 600 |
1 |
0 |
|a Picasso, Pablo,
|d 1881-1973.
|
| 700 |
1 |
|
|a Penrose, Roland,
|c Sir.
|
| 700 |
1 |
|
|a Golding, John.
|
| 999 |
|
|
|a MARS
|
| 999 |
f |
f |
|s 7b041301-5290-35a1-9c2a-7fcc4416a634
|i 5181e0cd-6f53-3d85-a721-9b95633f8d06
|t 0
|
| 952 |
f |
f |
|p ric
|a Texas A&M University
|b Rellis Campus
|c Joint Library Facility
|d Remote Storage
|t 0
|e ND553.P5 P48 1980
|h Library of Congress classification
|i unmediated -- volume
|m A14806169891
|
| 998 |
f |
f |
|a ND553.P5 P48 1980
|t 0
|l Remote Storage
|